Normal view
MARC view
Entry Personal Name
001 - CONTROL NUMBER
- control field: 48610
003 - CONTROL NUMBER IDENTIFIER
- control field: ARRUPE
005 - DATE AND TIME OF LATEST TRANSACTION
- control field: 20191113101634.0
008 - FIXED-LENGTH DATA ELEMENTS
- fixed length control field: 191113|| aca||aabn | a|a d
040 ## - CATALOGING SOURCE
- Original cataloging agency: ARRUPE
- Transcribing agency: ARRUPE
100 ## - HEADING--PERSONAL NAME
- Personal name: MacGregor, Jean
670 ## - SOURCE DATA FOUND
- Source citation: Work cat.: (ARRUPE)0: Goodsell, Anne 48605, Collaborative learning :, 1992